00732nam a2200193 i 450000100060000000300090000600500170001500700030003200800410003502000180007608000170009410000420011124501840015326000680033730000270040565000370043270000350046985200340050477657ES-MaACL20250930063100.0t|041029s1999 pr ||||1| spa d a0-8477-0349-5 a806.0(729.5) aNavarro Tomás, Tomás, d1884-197913aEl español en Puerto Rico b: contribución a la geografía lingüística hispanoamericana / cTomás Navarro Tomás ; estudio preliminar por María Vaquero de Ramírez. aSan Juan de Puerto Rico : bUniversidad de Puerto Rico, c1998. aLIX, 346 p. ; c23 cm. 4aLengua española-zPuerto Rico.1 aVaquero de Ramírez, María. aES-MaACLjE-10189 bR.134417